00935nam a2200241 a 450000500170000000800410001704000250005804100080008304400070009108200180009824500730011626000440018930000680023365000330030165000250033465000280035965000230038766200130041071000470042394200150047099900150048595201930050020180803165023.0140306b1999 ck a |r|||| 00| 0 spa d aCO-BoIAVHcCO-BoIAVH0 aspa ack04a344.046bR33n00aReferencias sobre normatividad ambiental y participación ciudadana aBogotá :bSENA :bMinambiente,c1999. a191 páginas :bilustraciones a color ;c28 x 21 centímetros16aLegislación medioambiental26aPolítica ambiental26aCuencas hidrográficas26aReservas Naturales aColombia2 aColombia b, Ministerio del Medio Ambiente cLIBRO2ddc c2632d2632 00102ddc40708GENERALIINV2017aBogotabBogotad2002-06-05eMinisteriodel Medio Ambienteg39000.00l0oLB-344.046 R33np003217r2012-12-04 00:00:00tEj. 1w2012-12-04xDonaciónyLIBRO